Vzťahy Rakúska a Slovenska v hospodárstve, cestovnom ruchu, kultúre, vede a vzdelaní

Prehľad kultúrnych podujatí a vedeckých sympózií a rozvoj rakúsko-slovenských vzťahov. Nadviazanie všestrannej spolupráce, partnerské ekonomické vzťahy a rôzne formy pomoci medzi Slovenskom a Rakúskom.

Enregistré dans:
Détails bibliographiques
Auteur principal: Danižová, Zdenka
Format: Chapitre de livre
Langue:slovaque
Sujets:
Tags: Ajouter un tag
Pas de tags, Soyez le premier à ajouter un tag!

MARC

LEADER 00000naa a2200000 4500
001 r025111
005 20230602074140.5
041 0 |a slo 
044 |a SK 
245 1 0 |a Vzťahy Rakúska a Slovenska v hospodárstve, cestovnom ruchu, kultúre, vede a vzdelaní  |c Z. Danižová 
520 |a Prehľad kultúrnych podujatí a vedeckých sympózií a rozvoj rakúsko-slovenských vzťahov. Nadviazanie všestrannej spolupráce, partnerské ekonomické vzťahy a rôzne formy pomoci medzi Slovenskom a Rakúskom. 
610 2 0 |a Rakúsko 
610 2 0 |a Slovensko 
610 2 0 |a vzťahy spoločenské 
610 2 0 |a vzťahy hospodárske vonkajšie 
610 2 0 |a spolupráca kultúrna 
610 2 0 |a ruch cestovný 
610 2 0 |a sympóziá 
100 1 |a Danižová, Zdenka